[Event "12th Goodricke Open"]
[Site "Calcutta IND"]
[Date "2001.02.06"]
[Round "1"]
[White "Mariano,N"]
[Black "Harikrishna,P"]
[Result "1/2-1/2"]
[WhiteElo "2395"]
[BlackElo "2514"]

1.e4 c5 2.Ne2 Nc6 3.Nbc3 Nf6 4.g3 d5 5.exd5 Nd4 6.Bg2 Bg4 7.O-O Nxd5 8.f3 Be6
9.Ne4 Rc8 10.c3 Nxe2+ 11.Qxe2 Nb6 12.d3 Bd5 13.Be3 e6 14.c4 Bxe4 15.dxe4 Be7
16.Rad1 Qc7 17.f4 O-O 18.e5 f6 19.exf6 Bxf6 20.b3 Nd7 21.Qd3 Rf7 22.Kh1 Nf8
23.Qc2 b6 24.Rfe1 Kh8 25.Rd3  1/2-1/2

[Event "ch-Pol u20 Women"]
[Site "Brzeg Dolny POL"]
[Date "2001.02.07"]
[Round "1"]
[White "Szczepkowska,K"]
[Black "Szymanowska,K"]
[Result "0-1"]
[WhiteElo "2140"]
[BlackElo "2130"]

1.e4 c5 2.Nf3 Nc6 3.Nc3 d6 4.Bc4 Nf6 5.h3 e6 6.O-O Be7 7.d4 cxd4 8.Nxd4 a6
9.a4 O-O 10.Be3 Qc7 11.Be2 Rd8 12.Bf3 Ne5 13.Nb3 Nc4 14.Qc1 Nxe3 15.Qxe3 Nd7
16.a5 b6 17.axb6 Nxb6 18.Be2 Bf6 19.Nb5 axb5 20.Rxa8 Nxa8 21.c3 Bd7 22.Rd1 Nb6
23.f4 Nc4 24.Bxc4 bxc4 25.Nd2 Rb8 26.e5 dxe5 27.fxe5 Be7 28.Qe4 Bb5 29.Nf1 h6
30.Ng3 Rd8 31.Rf1 Bc5+ 32.Kh1 Rd5 33.Qf3 Be8 34.Nh5 Qxe5 35.Nf4 Rd8 36.Qb7 f5
37.Qa6 Bd6 38.Qxc4 Bf7 39.Qe2 Qxe2 40.Nxe2 g6 41.Ra1 e5 42.b4 Bc4 43.Ng1 e4
44.Re1 Be5 45.Rc1 Rd2 46.b5 Bxb5 47.c4 Bc6  0-1

[Event "9th Aosta Valley"]
[Site "Saint Vincent ITA"]
[Date "2001.02.07"]
[Round "5"]
[White "Belotti,B"]
[Black "Drabke,L"]
[Result "1/2-1/2"]
[WhiteElo "2440"]
[BlackElo "2271"]

1.e4 c5 2.Nc3 Nc6 3.Bb5 Nd4 4.Bc4 e6 5.Nf3 Nf6 6.O-O a6 7.d3 b5 8.Bb3 Nxb3
9.axb3 Bb7 10.e5 Nd5 11.Ne4 Be7 12.Bg5 f6 13.exf6 Nxf6 14.Bxf6 gxf6 15.Re1 O-O
16.d4 Rc8 17.Nxc5 Bxc5 18.dxc5 Rxc5 19.Re3 Qc7 20.c3 Rh5 21.h3 Rf7 22.Qd4 Rg7
23.Ne1 Rhg5 24.f3 Rd5 25.Qxf6 Qc5 26.Qf4 e5 27.Qe4 Rd1 28.b4 Qc7 29.Rxd1 Bxe4
30.fxe4 Qb6 31.Kf2 Rg3 32.Rd3 Rxe3 33.Rxe3 Kf7 34.Nf3 d6 35.Ke2 Qc6 36.Nd2 Ke6
37.Rd3 Qb6 38.Nf3 Qb7 39.Ke3 Qa7+ 40.Ke2 Qg7 41.Kf2 Qh6 42.Rd1 Ke7 43.Ra1 Qf4
44.Re1 Qf7 45.Re2 Qb3 46.Nh4 Ke6 47.g4 Qd1 48.Nf5 Qh1 49.Rd2 Qh2+ 50.Ke1 Qg1+
51.Ke2 Qg2+ 52.Kd3 Qf3+ 53.Ne3 Qxh3 54.Rf2 Qh1 55.Rf1 Qh2 56.b3 h6 57.Ra1 Qb2
58.Rh1 Kf7 59.Rxh6 Qb1+ 60.Kd2 Qxe4 61.Rxd6 Qf3 62.g5 Ke7 63.Rf6 Qh1 64.Rh6 Qb1
65.Rxa6 Qb2+ 66.Kd3 Qb1+ 67.Kd2 Qb2+ 68.Kd3 Qb1+ 69.Kd2  1/2-1/2

[Event "12th Goodricke Open"]
[Site "Calcutta IND"]
[Date "2001.02.08"]
[Round "3"]
[White "Sareen,V"]
[Black "Das,A"]
[Result "1/2-1/2"]
[WhiteElo "2343"]
[BlackElo "2246"]

1.e4 c5 2.Nc3 Nc6 3.Nf3 e5 4.Bc4 d6 5.d3 Be7 6.Nd2 Bg5 7.Nf1 Bxc1 8.Rxc1 Nf6
9.Ne3 Be6 10.O-O Qd7 11.Ncd5 Bxd5 12.Nxd5 Nxd5 13.Bxd5 O-O-O 14.a3 f6 15.b4 Ne7
16.c4 Kb8 17.bxc5 dxc5 18.Rb1 Nxd5 19.cxd5 Rc8 20.Qc2 Rc7 21.Qc4 Qd6 22.Rb5 a6
23.Rb2 b5 24.Qc3 Kc8 25.Rc1 Kd7 26.Qe1 Rhc8 27.Qe3 Ke8 28.Qh3 h6 29.Rbc2 Kf7
30.Qh5+  1/2-1/2

[Event "ch-Pol u20 Women"]
[Site "Brzeg Dolny POL"]
[Date "2001.02.09"]
[Round "3"]
[White "Matras,A"]
[Black "Pokojska,D"]
[Result "1-0"]
[WhiteElo "2235"]
[BlackElo "2048"]

1.e4 c5 2.Nf3 Nc6 3.Nc3 d6 4.d4 cxd4 5.Nxd4 e5 6.Ndb5 a6 7.Na3 b5 8.Nd5 Nce7
9.c4 Nxd5 10.cxd5 Nf6 11.Bd3 Be7 12.Nc2 O-O 13.O-O Bd7 14.Qe2 g6 15.Bh6 Re8
16.Rfc1 Nh5 17.Nb4 Bg5 18.Nc6 Qf6 19.Bxg5 Qxg5 20.a4 Nf4 21.Qf3 bxa4 22.Bf1 f5
23.Qg3 Qf6 24.exf5 Bxf5 25.Rxa4 Nxd5 26.Rxa6 Rxa6 27.Bxa6 Nf4 28.b4 Ra8 29.Bf1 d5
30.b5 Bd7 31.Qe3 e4 32.g3 Nh5 33.Qc5 Qe6 34.b6 Rc8 35.Ne7+ Kf7 36.Nxc8 Bxc8
37.Qxc8 Qxb6 38.Rc7+  1-0

[Event "9th Aosta Valley"]
[Site "Saint Vincent ITA"]
[Date "2001.02.09"]
[Round "7"]
[White "Belotti,B"]
[Black "Ripari,M"]
[Result "0-1"]
[WhiteElo "2440"]
[BlackElo "2301"]

1.e4 c5 2.Nf3 Nc6 3.Nc3 Nf6 4.d4 cxd4 5.Nxd4 e5 6.Ndb5 d6 7.Bg5 a6 8.Na3 b5
9.Bxf6 gxf6 10.Nd5 f5 11.Bd3 Be6 12.O-O Bg7 13.Qh5 f4 14.c3 O-O 15.Nc2 Rb8
16.g3 f5 17.Ncb4 Nxb4 18.Nxb4 Qc8 19.exf5 Bxf5 20.Bxf5 Rxf5 21.Qf3 Bf8 22.Nxa6 Rb7
23.Nb4 Rg7 24.a4 bxa4 25.Rxa4 Kh8 26.Qe4 Qe6 27.Ra8 h5 28.Rd1 fxg3 29.hxg3 Rf4
30.Qd5 Qf5 31.Nd3 Rf3 32.Kg2 h4 33.Rxf8+ Qxf8 34.Rh1 Rgxg3+ 35.fxg3 Rxg3+
36.Kh2 Qf5 37.Nf4 Qxf4  0-1

[Event "ch-Pol u20"]
[Site "Brzeg Dolny POL"]
[Date "2001.02.10"]
[Round "4"]
[White "Heberla,B"]
[Black "Dziuba,M"]
[Result "1-0"]
[WhiteElo "2364"]
[BlackElo "2421"]

1.e4 c5 2.Nc3 Nc6 3.Bb5 Nd4 4.Bc4 g6 5.Nf3 Bg7 6.Nxd4 cxd4 7.Qf3 e6 8.Nb5 d6
9.Qa3 Ke7 10.c3 dxc3 11.Nxc3 a6 12.O-O Bd7 13.e5 Qc7 14.d3 Bxe5 15.Re1 Ke8
16.Bd2 Ne7 17.Rxe5 dxe5 18.Ne4 Bc6 19.Nf6+ Kd8 20.Rc1 Nf5 21.Ba5 b6 22.Bd5 exd5
23.Nxd5 Bxd5 24.Rxc7 Kxc7 25.Qc5+ Bc6 26.Qxb6+ Kd6 27.Qc7+ Kc5 28.Bb6+ Kb5
29.a4+ Kxa4 30.Qxc6+ Kb3 31.Qd5+ Kxb2 32.g4 Nh4 33.Qxe5+ Kc2 34.Qe2+ Kb3
35.Qd1+ Kc3 36.Qc1+ Kxd3 37.Qd1+ Kc4 38.Qd4+ Kb3 39.Qd3+ Ka4 40.Qc4+ Ka3
41.Bc5+ Kb2 42.Bd4+  1-0

[Event "12th Goodricke Open"]
[Site "Calcutta IND"]
[Date "2001.02.11"]
[Round "6"]
[White "Mariano,N"]
[Black "Sareen,V"]
[Result "1-0"]
[WhiteElo "2395"]
[BlackElo "2343"]

1.e4 c5 2.Ne2 Nc6 3.Nbc3 e5 4.Nd5 Nce7 5.Nec3 Nxd5 6.Nxd5 Nf6 7.Bc4 Be7 8.d3 Nxd5
9.Bxd5 d6 10.O-O O-O 11.f4 exf4 12.Bxf4 Be6 13.Bxe6 fxe6 14.Qg4 Qd7 15.Rf3 Bf6
16.c3 b5 17.Raf1 Be5 18.Bxe5 dxe5 19.Qh5 Rxf3 20.Rxf3 Qc7 21.h4 Rd8 22.Qg4 Qe7
23.Qg3 Qc7 24.h5 Rf8 25.Rxf8+ Kxf8 26.h6 gxh6 27.Qh3 Qe7 28.Qxh6+ Kg8 29.Qh5 c4
30.Qxe5 cxd3 31.Qg3+ Kf8 32.Qxd3 Qh4 33.Qd6+ Kf7 34.Qd7+ Kf8 35.Qxb5 Qxe4
36.Qb8+ Kg7 37.Qxa7+ Kg6 38.Qf2 Qb1+ 39.Kh2 Qxa2 40.Qe3 Qd5 41.Qg3+ Kh6 42.Qf3 Qe5+
43.Kh3  1-0

[Event "ch-NED semi-finals"]
[Site "Leeuwarder NED"]
[Date "2001.02.11"]
[Round "1.3"]
[White "Werle,J"]
[Black "Van de Mortel,J"]
[Result "1/2-1/2"]
[WhiteElo "2338"]
[BlackElo "2411"]

1.e4 c5 2.Nc3 Nc6 3.Bb5 Nd4 4.Ba4 g6 5.f4 Bg7 6.Nf3 Rb8 7.Nxd4 cxd4 8.Ne2 e6
9.O-O Ne7 10.d3 O-O 11.Bd2 d6 12.Kh1 f5 13.Ng1 e5 14.Bb3+ Kh8 15.Qe2 Nc6
16.Rae1 Qe7 17.Nf3 Be6 18.Bd5 fxe4 19.Qxe4 Bf5 20.Qe2 Qd7 21.Qf2 Be6 22.Bb3 Bxb3
23.axb3 exf4 24.Qh4 h5 25.Bxf4 Qg4 26.Qxg4 hxg4 27.Ng5 Be5 28.Bd2 Rf5 29.Rxf5 gxf5
30.Rf1 Rf8 31.Ne6 Rf7 32.g3 Kg8 33.Kg2 Rf6 34.Nc7 Kh7 35.Nd5 Rf7 36.b4 a6
37.c4 dxc3 38.bxc3 Kg6 39.d4 Bg7 40.Bf4 Ne7 41.Nb6 Rf6 42.Re1 Kf7 43.d5 Rg6
44.c4 Bc3 45.Rb1 Bd4 46.Na8 Rg8 47.Nc7 Rc8 48.Bxd6 Bb6 49.Re1 Rxc7 50.c5 Nxd5
51.cxb6 Rc2+ 52.Kg1 Rc6 53.Bc5 Nxb6 54.Re7+ Kg6 55.Rxb7 Na4 56.Bd4 Rd6 57.Be5 Re6
58.Ra7 Rxe5 59.Rxa6+ Kg5 60.Rxa4 Re2 61.Ra8 Rb2 62.Rb8 Kf6 63.b5 Ke5 64.b6 Ke4
65.Re8+ Kf3 66.Re1 Rxb6 67.Rf1+ Ke4 68.Rf4+ Ke5 69.Kg2  1/2-1/2

[Event "ch-Pol u20"]
[Site "Brzeg Dolny POL"]
[Date "2001.02.12"]
[Round "6"]
[White "Bartel,Mat"]
[Black "Dziuba,M"]
[Result "0-1"]
[WhiteElo "2392"]
[BlackElo "2421"]

1.e4 c5 2.Nc3 Nc6 3.Nf3 Nf6 4.Bb5 Qc7 5.O-O Nd4 6.Re1 e5 7.d3 Be7 8.a4 a6
9.Bc4 d6 10.Nd2 O-O 11.Nf1 Be6 12.Ne3 Nc6 13.Ncd5 Qd8 14.c3 Rb8 15.g3 b5
16.axb5 axb5 17.Bb3 Re8 18.f4 exf4 19.gxf4 Na5 20.Bc2 Bxd5 21.exd5 Bf8 22.Bd2 c4
23.b4 cxb3 24.Bb1 Qb6 25.Kh1 Ra8 26.Re2 g6 27.c4 b4 28.Ra4 Qd4 29.Rxb4 Qxf4
30.Qg1 Bh6 31.Qg2 Qe5 32.Re1 Bxe3 33.Rxe3 Qb2  0-1

[Event "It"]
[Site "Montecatini Terme ITA"]
[Date "2001.02.12"]
[Round "11"]
[White "Marino,O"]
[Black "Genocchio,D"]
[Result "0-1"]
[WhiteElo "2068"]
[BlackElo "2263"]

1.e4 c5 2.Nf3 Nc6 3.Nc3 e5 4.Bc4 Be7 5.d3 d6 6.Nd2 Bg5 7.Nf1 Bxc1 8.Qxc1 Be6
9.Ne3 Nge7 10.Ned5 Ng6 11.O-O a6 12.a4 O-O 13.b3 Nd4 14.Qd2 Rb8 15.a5 f5
16.Ne2 Kh8 17.Nxd4 cxd4 18.Nb6 Bd7 19.g3 f4 20.c3 Bh3 21.Rfd1 Bg4 22.Rdc1 Nh4
23.gxh4 Bf3 24.Be6 Qxh4 25.h3 Rf6  0-1

[Event "Open"]
[Site "Coria del Rio ESP"]
[Date "2001.02.14"]
[Round "1"]
[White "Garcia,FJ"]
[Black "Vera,R"]
[Result "0-1"]
[WhiteElo "2130"]
[BlackElo "2562"]

1.e4 c5 2.Nc3 Nc6 3.Nf3 g6 4.Bc4 Bg7 5.O-O a6 6.d3 d6 7.Bf4 e6 8.g3 Nge7
9.h4 b5 10.Bb3 h6 11.Re1 Bb7 12.Re3 e5 13.Rc1 exf4 14.gxf4 Qd7 15.Qf1 Qg4+
16.Kh1 Nd4 17.Nxd4 cxd4 18.Ree1 dxc3 19.bxc3 Qxf4 20.Rcd1 Be5 21.d4 Qh2+  0-1

[Event "ch-Pol u20 Women"]
[Site "Brzeg Dolny POL"]
[Date "2001.02.15"]
[Round "9"]
[White "Toma,K"]
[Black "Pokojska,D"]
[Result "1-0"]
[WhiteElo "2101"]
[BlackElo "2048"]

1.e4 c5 2.Nf3 Nc6 3.Nc3 d6 4.Bb5 Bd7 5.O-O g6 6.d4 cxd4 7.Bxc6 dxc3 8.Bxb7 Rb8
9.Bd5 Bg7 10.b3 Nf6 11.Bc4 O-O 12.Re1 Bc6 13.Qd3 Qc7 14.Nd4 Bxe4 15.Rxe4 d5
16.Bxd5 Nxe4 17.Qxe4 Rb4 18.Bc4 Rxc4 19.bxc4 Qxc4 20.Be3 e5 21.Qc6  1-0

[Event "12th Goodricke Open"]
[Site "Calcutta IND"]
[Date "2001.02.16"]
[Round "11"]
[White "Ramesh,R"]
[Black "Wajih,N"]
[Result "1/2-1/2"]
[WhiteElo "2467"]
[BlackElo "2350"]

1.e4 c5 2.Nf3 Nc6 3.Nc3 g6 4.d4 cxd4 5.Nxd4 Bg7 6.Be3 Nf6 7.Bc4 O-O 8.Bb3 a5
9.f3 d5 10.Bxd5 Nxd5 11.exd5 Nb4 12.Nde2 Bf5 13.Rc1 b5 14.O-O Rc8 15.Nd4 Rxc3
16.bxc3 Nxa2 17.Ra1 Nxc3 18.Qd2 Qc7 19.Nc6 e6 20.Bh6 Bxh6 21.Qxc3 exd5 22.Qc5 Re8
23.Rfe1 Be6 24.Rxa5 Bf8 25.Qxb5 Rc8 26.Ne5 Rb8 27.Qa6 Bb4 28.Raa1 Bxe1 29.Rxe1 Qxc2
30.Nd3 Qc4 31.Qxc4 dxc4 32.Nf4 Bf5 33.Rc1 g5 34.Nd5 Bd3 35.Kf2 Rb2+ 36.Kg3 Kg7
37.Ne3 Rb4 38.Nd5 Rb5 39.Nc3 Rb2 40.Na4 Ra2 41.Nc5 h5 42.Nxd3 cxd3 43.Rd1 h4+
44.Kh3 Ra3 45.Kg4 Kg6 46.f4 Ra4 47.Rxd3 Rxf4+ 48.Kh3 Kh5 49.g3 g4+ 50.Kg2 h3+
51.Kg1 Rf5 52.Rd2 Kg5 53.Rf2 Rf3 54.Rxf3 gxf3 55.Kf2 Kg4 56.Ke3 f5 57.Kf2 f4  1/2-1/2

[Event "US Amateur Team East"]
[Site "Parsippany USA"]
[Date "2001.02.19"]
[Round "5"]
[White "Ross,Ph"]
[Black "McCarthy,B"]
[Result "0-1"]
[WhiteElo "2099"]
[BlackElo "2252"]

1.Nc3 c5 2.e4 Nc6 3.Nf3 e6 4.g3 d5 5.d3 d4 6.Ne2 e5 7.Bg2 h6 8.O-O Bg4 9.h3 Be6
10.Nd2 Qd7 11.Kh2 g5 12.f4 f6 13.Ng1 exf4 14.gxf4 Bd6 15.e5 fxe5 16.f5 Bf7
17.Ne4 O-O-O 18.Kh1 Nge7 19.Nf6 Qc7 20.Be4 Nb4 21.c3 Nbd5 22.Nh5 dxc3 23.f6 Nc6
24.Ng7 Kb8 25.Rf2 Nd4 26.Ne2 Bf8 27.Nxc3 Nxf6 28.Rxf6 Bxg7 29.Rf2 Be6 30.Be3 Qd7
31.Rc1 Rhf8 32.Na4 Bd5 33.Nxc5 Qxh3+  0-1

[Event "8th Metalis Open"]
[Site "Bizovac CRO"]
[Date "2001.02.23"]
[Round "4"]
[White "Leventic,I"]
[Black "Jankovic,A"]
[Result "1-0"]
[WhiteElo "2400"]
[BlackElo "2273"]

1.e4 c5 2.Nf3 Nc6 3.Nc3 d6 4.d4 cxd4 5.Nxd4 Nf6 6.Bc4 Qb6 7.Nxc6 bxc6 8.O-O e5
9.b3 Be7 10.Bb2 Bg4 11.Qd3 O-O 12.Na4 Qc7 13.f3 Bh5 14.Rad1 Bg6 15.Qe2 Rad8
16.Rd2 Kh8 17.g3 Nh5 18.Bd3 f5 19.exf5 Bxf5 20.f4 Bxd3 21.Rxd3 e4 22.Qxe4 Nf6
23.Qe6 Nd5 24.c4 Nb4 25.Re3 Bf6 26.Bxf6 Rxf6 27.Qg4 Nxa2 28.Rfe1 Qb8 29.Re7 Rg6
30.Qe2  1-0

[Event "8th Metalis Open"]
[Site "Bizovac CRO"]
[Date "2001.02.24"]
[Round "6"]
[White "Kutuzovic,B"]
[Black "Jankovic,A"]
[Result "1-0"]
[WhiteElo "2441"]
[BlackElo "2273"]

1.e4 c5 2.Nf3 Nc6 3.Nc3 d6 4.d4 cxd4 5.Nxd4 Nf6 6.Bg5 e6 7.Qd2 a6 8.O-O-O Bd7
9.f4 Be7 10.Nf3 b5 11.Bxf6 gxf6 12.Bd3 Qb6 13.Rhe1 Ra7 14.Kb1 Qc5 15.f5 Ne5
16.Nxe5 dxe5 17.Qh6 a5 18.fxe6 fxe6 19.Qh5+ Kf8 20.Qh6+ Kf7 21.Rf1 b4 22.Be2 Ke8
23.Nb5 Ra8 24.Nd6+  1-0

[Event "Czech Extra League 2000-1"]
[Site "CZE"]
[Date "2001.02.24"]
[Round "6"]
[White "Movsesian,S"]
[Black "Vokac,M"]
[Result "0-1"]
[WhiteElo "2661"]
[BlackElo "2485"]

1.e4 c5 2.Nc3 Nc6 3.Nf3 d6 4.d4 cxd4 5.Nxd4 Nf6 6.f3 e5 7.Nb3 Be6 8.Be3 Be7
9.Nd5 O-O 10.Qd2 Bxd5 11.exd5 Nb8 12.c4 Nbd7 13.Bd3 a5 14.O-O a4 15.Nc1 Nc5
16.Bc2 Nfd7 17.Ne2 f5 18.Kh1 g6 19.b4 axb3 20.axb3 Rxa1 21.Rxa1 Bf6 22.b4 Na6
23.Rc1 Qe7 24.Bb3 f4 25.Bf2 e4 26.Nxf4 Bg5 27.g3 Ne5 28.Be3 Bxf4 29.Bxf4 Nxf3
30.Qc3 Rxf4 31.gxf4 Qh4 32.Rc2 Nxb4 33.Qxb4 Qh3 34.Rg2 Nxh2 35.Kg1 Nf3+ 36.Kf2 Nh4
37.Rg1 Qh2+ 38.Kf1 Qxf4+ 39.Ke2 Qh2+ 40.Kf1 Qh3+ 41.Ke2 Qd3+ 42.Kf2 Qf3+
43.Ke1 e3 44.Qa5 Qf2+ 45.Kd1 e2+ 46.Kc1 Qxg1+ 47.Kc2 e1=Q 48.Qd8+ Kf7  0-1

[Event "Open"]
[Site "Cappelle la Grande FRA"]
[Date "2001.02.25"]
[Round "3"]
[White "Jaracz,P"]
[Black "Agdestein,S"]
[Result "1-0"]
[WhiteElo "2477"]
[BlackElo "2591"]

1.e4 c5 2.Nc3 Nc6 3.Nf3 g6 4.d4 cxd4 5.Nxd4 Bg7 6.Be3 Nf6 7.Bc4 O-O 8.Bb3 a5
9.O-O d6 10.Ndb5 Ng4 11.Bg5 h6 12.Bd2 Kh7 13.h3 Nge5 14.a4 f5 15.exf5 Bxf5
16.Nd5 g5 17.Ndc7 Rb8 18.Ne6 Bxe6 19.Bxe6 Rf6 20.Bb3 d5 21.Qh5 Kg8 22.f4 gxf4
23.Rxf4 e6 24.Rxf6 Qxf6 25.Rf1 Qg6 26.Qxg6 Nxg6 27.c4 Rd8 28.cxd5 exd5 29.Nc7 Rd7
30.Bxd5+ Kh7 31.Bxc6 bxc6 32.Bxa5 Bxb2 33.Bb6 Ne5 34.Ne6 Rd6 35.Nf8+ Kg8
36.Bc7 Rd2 37.Ne6 Nc4 38.a5 Re2 39.Rf8+ Kh7 40.Re8 Ne3 41.Nf4 Rc2 42.Rxe3 Bd4
43.Bb6 Bxe3+ 44.Bxe3 c5 45.a6 Ra2 46.Bxc5 Rxa6 47.g4 Ra2 48.Bf2 Kg7 49.Kg2 Ra3
50.Bd4+ Kf7 51.Kf2 h5 52.g5 h4 53.g6+ Ke8 54.Bf6 Kf8 55.Bxh4 Kg7 56.Kg2 Re3
57.Bg5  1-0

[Event "It Blind"]
[Site "Linares ESP"]
[Date "2001.02.25"]
[Round "3"]
[White "Dukaczewski,P"]
[Black "Draghici,G"]
[Result "1-0"]
[WhiteElo "2337"]
[BlackElo "2128"]

1.e4 c5 2.Nf3 Nc6 3.Nc3 d6 4.d4 cxd4 5.Nxd4 Nf6 6.Be3 e6 7.f3 a6 8.Qd2 Be7
9.g4 d5 10.g5 Nh5 11.exd5 Nxd4 12.Qxd4 Bxg5 13.O-O-O Qf6 14.Bxg5 Qxg5+ 15.Kb1 O-O
16.d6 Bd7 17.Ne4 Qf4 18.Rg1 Bc6 19.Rxg7+ Nxg7 20.Nf6+ Qxf6 21.Qxf6 Rad8 22.Bd3  1-0

[Event "It Women"]
[Site "Tel Aviv ISR"]
[Date "2001.02.25"]
[Round "5"]
[White "Lagvilava,G"]
[Black "Botvinnik,Ir"]
[Result "1/2-1/2"]
[WhiteElo "2321"]
[BlackElo "2180"]

1.e4 c5 2.Nc3 Nc6 3.Bb5 d6 4.Bxc6+ bxc6 5.Nge2 e5 6.O-O Bg4 7.d3 Ne7 8.f4 exf4
9.Bxf4 Ng6 10.Qd2 Be7 11.Ng3 O-O 12.Nf5 Bxf5 13.exf5 Nxf4 14.Qxf4 Rb8 15.Rab1 Rb4
16.Qf3 d5 17.a3 Rh4 18.g3 Rh6 19.Nd1 Rd6 20.Nf2 Qa5 21.Rbe1 Bf6 22.c3 Qd8
23.Re2 Re8 24.Rfe1 Rxe2 25.Qxe2 g6 26.Ng4 h5 27.Nxf6+ Qxf6 28.Qe8+ Kg7 29.fxg6 Qxg6
30.Qe5+ Kh7 31.Qe7 Rf6 32.Qxc5 Qxd3 33.Qxa7 Rf3 34.Qd4 Qxd4+ 35.cxd4 Rd3
36.Rc1 Rxd4 37.Rxc6 Rd1+ 38.Kg2 Rd2+ 39.Kh3 Rxb2 40.Rd6 Ra2 41.Rxd5 Rxa3
42.Kh4 Kg6 43.Rg5+ Kh6 44.Rxh5+ Kg6 45.Rg5+ Kh6 46.Rf5 Kg6 47.g4 f6 48.Rf2 Rb3
49.Rg2 Ra3  1/2-1/2

[Event "It"]
[Site "Tel Aviv ISR"]
[Date "2001.02.26"]
[Round "6"]
[White "Van Mil,J"]
[Black "Gruenfeld,Y"]
[Result "1/2-1/2"]
[WhiteElo "2421"]
[BlackElo "2520"]

1.e4 c5 2.Nc3 Nc6 3.Bb5 g6 4.Bxc6 bxc6 5.d3 Bg7 6.f4 d6 7.Nf3 Rb8 8.O-O Nh6
9.Qe1 f5 10.e5 O-O 11.b3 Nf7 12.Bb2 Qc7 13.Na4 Nd8 14.Qh4 Ne6 15.Rae1 Qd8
16.Ng5 Nxg5 17.Qxg5 c4 18.exd6 Bxb2 19.Nxb2 cxb3 20.dxe7 Qd4+ 21.Rf2 Re8
22.cxb3 Ba6 23.Kf1 Rb7 24.Rfe2 Rd7 25.Re6 Kf7 26.Nc4 Qxd3+ 27.Kg1 Qd4+ 28.Kh1 Bxc4
29.bxc4 Rd6 30.R6e5 Kg7 31.Rxf5 Qxc4 32.Rfe5 Qxa2 33.h4 Qf7 34.f5 Rf6 35.fxg6 hxg6
36.Qg3 Rf1+ 37.Rxf1 Qxf1+ 38.Kh2 Qf6 39.h5 Qd6 40.hxg6 Rxe7 41.Rxe7+ Qxe7
42.Qc3+ Qf6 43.Qc5 Qf4+ 44.Kh1  1/2-1/2

[Event "IV Open"]
[Site "Malaga ESP"]
[Date "2001.02.27"]
[Round "5"]
[White "Rodriguez Guerrero,E"]
[Black "Vega Gutierrez,S"]
[Result "1-0"]
[WhiteElo "2208"]
[BlackElo "2124"]

1.e4 c5 2.Nc3 Nc6 3.Bb5 Nf6 4.Bxc6 dxc6 5.Nge2 e5 6.d3 g6 7.h3 Bg7 8.Be3 Qe7
9.Qd2 O-O 10.Bh6 Rd8 11.Bxg7 Kxg7 12.Qe3 Be6 13.b3 Qd6 14.O-O Ne8 15.Kh1 Nc7
16.Qg5 f6 17.Qg3 Bg8 18.Nd1 b5 19.Ne3 Kh8 20.f4 Re8 21.Ng4 Qe7 22.Qh4 Kg7
23.Qh6+ Kh8 24.fxe5 fxe5 25.Rf6 Be6 26.Raf1  1-0

[Event "ch-UKR Women"]
[Site "Kramatorsk UKR"]
[Date "2001.03.01"]
[Round "7"]
[White "Melamed,T"]
[Black "Kalinina,V"]
[Result "0-1"]
[WhiteElo "2292"]
[BlackElo "2254"]

1.e4 c5 2.Nc3 Nc6 3.Bb5 g6 4.Bxc6 dxc6 5.d3 Bg7 6.f4 Nf6 7.Nf3 Qc7 8.O-O b6
9.Qe1 Ba6 10.a3 Nd7 11.e5 Nf8 12.b4 Ne6 13.Be3 c4 14.d4 Qd7 15.Qg3 Nc7 16.f5 Qxf5
17.Ng5 Qxc2 18.Rac1 Qd3 19.Rxf7 Bh6 20.Rf3 Rf8 21.Rxf8+ Bxf8 22.Nxh7 O-O-O
23.Nxf8 Rxf8 24.Qg4+ Kb8 25.Bf2 Qd2 26.Ne2 c3 27.Re1 c2  0-1

[Event "Open"]
[Site "Cappelle la Grande FRA"]
[Date "2001.03.02"]
[Round "8"]
[White "Szoen,D"]
[Black "Khamrakulov,I"]
[Result "0-1"]
[WhiteElo "2152"]
[BlackElo "2416"]

1.e4 c5 2.Nc3 Nc6 3.Nge2 Nd4 4.Nxd4 cxd4 5.Ne2 e5 6.c3 dxc3 7.Nxc3 Bc5 8.Bc4 Qh4
9.Qf3 Nf6 10.h3 O-O 11.O-O a6 12.a4 d6 13.d3 Be6 14.Be3 Rac8 15.b3 h6 16.Rfe1 Nh7
17.d4 exd4 18.Bxd4 Ng5 19.Qe3 Bxc4 20.bxc4 f5 21.f3 Nxh3+ 22.Kf1 fxe4 23.Nxe4 Rce8  0-1

[Event "Open"]
[Site "Cappelle la Grande FRA"]
[Date "2001.03.02"]
[Round "8"]
[White "Volokitin,A"]
[Black "Moiseenko,A"]
[Result "0-1"]
[WhiteElo "2469"]
[BlackElo "2550"]

1.e4 c5 2.Nf3 Nc6 3.Nc3 e5 4.Bc4 Be7 5.d3 Nf6 6.Ng5 O-O 7.f4 d6 8.f5 d5 9.Nxd5 Nxd5
10.Nxf7 Kxf7 11.Bxd5+ Ke8 12.Qh5+ Kd7 13.Qxh7 Bf6 14.Qh5 Nd4 15.Kd1 Kc7 16.g4 Bd7
17.c3 Ba4+ 18.b3 Nxb3 19.axb3 Bxb3+ 20.Bxb3 Qxd3+ 21.Bd2 c4 22.Bxc4 Qxc4
23.g5 Qxe4 24.Rf1 Be7 25.Qe2 Qxe2+ 26.Kxe2 Rh8 27.Rf2 Rh3 28.Ra5 Bd6 29.Rg2 b6
30.Ra4 a5 31.Kd1 Rf8 32.Rf2 Bc5 33.Rf1 Rxh2 34.Kc1 Rd8 35.Ra2 Rdxd2 36.Rxd2 Be3  0-1

[Event "ch-UKR Women"]
[Site "Kramatorsk UKR"]
[Date "2001.03.03"]
[Round "8"]
[White "Zozulia,A"]
[Black "Rohonyan,K"]
[Result "0-1"]
[WhiteElo "2358"]
[BlackElo "2340"]

1.e4 c5 2.Nf3 Nc6 3.Nc3 Nf6 4.e5 Ng4 5.Qe2 Qc7 6.Nb5 Qb8 7.d4 cxd4 8.Bf4 f6
9.Nfxd4 Ngxe5 10.Bg3 a6 11.Nxc6 bxc6 12.Nd4 Qxb2 13.Rd1 e6 14.f4 Bb4+ 15.Kf2 Bc5
16.c3 Qxc3 17.Qd2 Ng4+ 18.Ke2 Qa3 19.h3 Qxg3 20.hxg4 a5 21.Rc1 Bb4 22.Qc2 Ba6+  0-1

[Event "Spring"]
[Site "Alushta UKR"]
[Date "2001.03.08"]
[Round "?"]
[White "Goloshchapov,A"]
[Black "Arbakov,V"]
[Result "1-0"]
[WhiteElo "2528"]
[BlackElo "2483"]

1.e4 c5 2.Nc3 Nc6 3.Nge2 d6 4.d4 cxd4 5.Nxd4 Nf6 6.f3 e6 7.Be3 a6 8.Qd2 h5
9.O-O-O Qc7 10.f4 Bd7 11.Bd3 Ng4 12.Bg1 Na5 13.Qe2 b5 14.a3 Nc4 15.h3 Nf6
16.Bxc4 Qxc4 17.Qxc4 bxc4 18.e5 dxe5 19.fxe5 Nd5 20.Nxd5 exd5 21.Ne2 Be6
22.Nc3 O-O-O 23.Bb6 Rd7 24.Na2 Kb7 25.Bd4 Kc6 26.Rhf1 Be7 27.Nc3 h4 28.Ne2 Bg5+
29.Kb1 Rb7 30.Ka2 Be7 31.Bc3 Rh5 32.Rd2 Rg5 33.Nd4+ Kd7 34.Rdf2 Bc5 35.Re2 Rb8
36.Rf4 Rh8 37.Rxf7+ Bxf7 38.e6+ Kd8 39.exf7 Bxd4 40.Bxd4 Rf8 41.Rf2  1-0

[Event "Victor Ciocaltea Mem"]
[Site "Bucharest ROM"]
[Date "2001.03.10"]
[Round "7"]
[White "Solak,D"]
[Black "Fressinet,L"]
[Result "1/2-1/2"]
[WhiteElo "2511"]
[BlackElo "2581"]

1.e4 c5 2.Nc3 Nc6 3.Nf3 g6 4.d4 cxd4 5.Nxd4 Bg7 6.Be3 Nf6 7.Bc4 O-O 8.O-O Nxe4
9.Nxe4 d5 10.Nxc6 bxc6 11.Bd3 dxe4 12.Bxe4 Ba6  1/2-1/2

[Event "Open"]
[Site "Kazimierz Dolny POL"]
[Date "2001.03.11"]
[Round "2"]
[White "Skurski,J"]
[Black "Kupczyk,E"]
[Result "0-1"]
[WhiteElo "2096"]
[BlackElo "2010"]

1.e4 c5 2.Nf3 Nc6 3.Nc3 Nf6 4.Bb5 d6 5.d4 cxd4 6.Nxd4 Bd7 7.O-O g6 8.Nxc6 bxc6
9.Bc4 Bg7 10.h3 O-O 11.Be3 Qa5 12.Bb3 Qb4 13.a3 Qb7 14.Rb1 Be6 15.Bxe6 fxe6
16.Qd2 e5 17.Bg5 e6 18.Qe2 h6 19.Be3 d5 20.Bc5 Rfe8 21.b3 Nd7 22.Bb4 Qc7
23.a4 a5 24.Ba3 Nf6 25.Bc5 Nh5 26.g3 Nf6 27.b4 Nd7 28.Kg2 Nxc5 29.bxc5 Qe7
30.exd5 exd5 31.Rb3 Qxc5 32.Rfb1 e4 33.Nd1 d4 34.Qg4 Kh7 35.R1b2 e3  0-1

[Event "Ivan Zanic Mem"]
[Site "Stara Pazova YUG"]
[Date "2001.03.11"]
[Round "3"]
[White "Sedlak,N"]
[Black "Kosanovic,G"]
[Result "1/2-1/2"]
[WhiteElo "2460"]
[BlackElo "2437"]

1.e4 c5 2.Nf3 Nc6 3.Nc3 e5 4.Bc4 Be7 5.d3 d6 6.Nd2 Bg5 7.h4 Bxd2+ 8.Bxd2 Nge7
9.h5 h6 10.Qf3 Rf8 11.Qg3 Rg8 12.f4 Be6 13.fxe5 dxe5 14.O-O-O Qd7 15.Be3 b6
16.Ba6 f6 17.a3 Nd4 18.Kb1 Rb8 19.Bc4 b5 20.Bxe6 Nxe6 21.Nd5 Nxd5 22.exd5 Qxd5
23.Bxh6 Ke7 24.Be3 b4 25.axb4 Rxb4 26.Qf3 e4 27.dxe4 Qe5 28.Bc1 Rgb8 29.c3 Qxe4+
30.Qxe4 Rxe4 31.Rhe1 Rxe1 32.Rxe1 g6 33.g4 Rh8 34.hxg6 Rg8 35.Re4 Rxg6 36.Be3 Kd6
37.Ra4 Kd5 38.b3 Rg7 39.Kc2 Rb7 40.Ra6 Rg7 41.Ra4  1/2-1/2

[Event "Open"]
[Site "Bad Woerishofen GER"]
[Date "2001.03.16"]
[Round "2"]
[White "Sokolov,And"]
[Black "Schelle,A"]
[Result "1/2-1/2"]
[WhiteElo "2566"]
[BlackElo "2215"]

1.e4 c5 2.Nf3 Nc6 3.Nc3 e5 4.Bc4 Be7 5.d3 Nf6 6.Nd5 d6 7.h3 O-O 8.c3 Be6
9.Nxf6+ Bxf6 10.Bxe6 fxe6 11.O-O Qe7 12.g3 Kh8 13.h4 g6 14.Bh6 Rg8 15.Kg2 Nd8
16.Ng5 Bg7 17.Bxg7+ Rxg7 18.f4 Nf7 19.fxe5 dxe5 20.Qg4 Nxg5 21.hxg5 Rf7 22.Rxf7 Qxf7
23.Rf1 Qe7 24.Qf3 Kg7 25.Qe3 Rf8 26.Rf3 b6 27.Kf2 Rxf3+ 28.Kxf3 Qd7 29.b3 Qb5
30.Ke2 Qa5 31.Qd2 b5 32.Qb2 b4 33.cxb4 cxb4 34.Qc2 h6 35.gxh6+ Kxh6 36.Kf3 Qd8
37.Qc4 a5 38.Kg2 Qd4 39.Qxe6 Qxd3 40.Qxe5 Qe2+ 41.Kg1 Qe1+ 42.Kg2 Qe2+ 43.Kh3 Qf1+
44.Kh4 Qh1+ 45.Kg4 Qd1+ 46.Kf4 Qd2+ 47.Kf3 Qd3+ 48.Kf2 Qd2+ 49.Kf3 Qd3+ 50.Kf2 Qd2+  1/2-1/2

[Event "Ivan Zanic Mem"]
[Site "Stara Pazova YUG"]
[Date "2001.03.16"]
[Round "8"]
[White "Radulski,J"]
[Black "Kosanovic,G"]
[Result "1-0"]
[WhiteElo "2432"]
[BlackElo "2437"]

1.e4 c5 2.Nc3 Nc6 3.Nf3 g6 4.d4 cxd4 5.Nxd4 Bg7 6.Be3 Nf6 7.Nxc6 bxc6 8.e5 Nd5
9.Nxd5 cxd5 10.Qxd5 Rb8 11.Bxa7 Rxb2 12.Bd4 Rxc2 13.Bd3 Rc6 14.O-O Ba6 15.Bxa6 Rxa6
16.a4 O-O 17.a5 d6 18.Qb5 Qa8 19.Rfb1 Bxe5 20.Bxe5 dxe5 21.Qxe5 Qa7 22.Rb5 Rd8
23.Rc5 Re6 24.Qc3 Rf6 25.h3 Rdd6 26.Re1 Rd3 27.Qe5 Rd2 28.Qe3 Qd7 29.Re5 e6
30.Rf1 Rd3 31.Qb6 Rf4 32.a6 Ra4 33.Ra5 Rb3 34.a7  1-0